000 00539nam a22001817a 4500
008 150610b xxu||||| |||| 00| 0 eng d
041 0 _aeng
080 _a355.11
245 0 0 _athe soldiers
_cby the editors of Time-Life Books with text by David Nevin.
260 _aNew York :
_bTime-Life Books,
_c[1973]
300 _a239 f. :
_bme il. :
_c29 cm.
490 _aThe Old West
500 _aIndex: f. 236-240
650 0 _aIndians of North America
650 0 _aIndianët e Amerikës Veriore
700 1 _aNevin, David,
942 _2udc
_cBK
999 _c1026
_d1026